00679nam a2200241 a 4500001001300000003000900013005001700022008004100039020001000080082001300090100001600103245003100119260005000150300000900200500003500209505001500244650001900259700001600278902000800294942000700302952011300309999001500422nice12345678IN_TiNIC20260116011634.0050524s1931 cama grp 000 0 eng  ac10000a270bGLO aGlover, T R aWorld of the New Testament aCambridge bCambridge University Press c1931 a191p aincludes index and biblioraphy2 aAppendices aChurch-History1 aGlover, T R bSRS cBK 001040708StackRoom-aHMIbHMId2007-07-17g100.00l0o270 GLOp07259r2007-07-17v100.00w2005-05-24yBK c3044d3044